Statistiques concernant Chansons françaises 7

Cliquez ici pour prendre le quiz!

Statistiques générales

  • Ce quiz a été pris 101 fois
  • Le résultat moyen est 24 sur 64

Statistiques - réponses

ChansonArtiste(s)% Correct
BélindaClaude François
91%
NougayorkClaude Nougaro
74%
Je vole (2014)Louane
72%
CarmenStromae
69%
CarolineMC Solaar
64%
Quelqu'un m'a ditCarla Bruni
63%
Vladimir IlitchMichel Sardou
63%
La terre est rondeOrelsan
63%
La bombe humaineTéléphone
61%
Dis quand reviendras-tu ?Barbara
59%
La plus belle pour aller danserSylvie Vartan
59%
LarsenZazie
56%
Dieu que c'est beauDaniel Balavoine
55%
Mon vieuxDaniel Guichard
54%
La chanson des vieux amantsJacques Brel
54%
Lili voulait aller danserJulien Clerc
54%
Laisse-moi t'aimerMike Brant
54%
Femme, femme, femmeSerge Lama
54%
Jeune demoiselleDiam's
53%
Musique (1977)France Gall
53%
Les filles d'aujourd'huiJoyce Jonathan & Vianney
53%
OctobreFrancis Cabrel
51%
Les playboysJacques Dutronc
49%
Je ne vous oublie pasCéline Dion
48%
J'attendrai (1975)Dalida
48%
Etre à la hauteurEmmanuel Moire
47%
La voix des sagesYannick Noah
47%
Les p'tits papiersRégine
45%
CastingChristophe Maé
43%
La vie ne vaut rienAlain Souchon
39%
Quand Jimmy ditPatricia Kaas
37%
Tchiki BoumNiagara
34%
Du courageCalogero & La Grande Sophie
33%
Bravo, tu as gagnéMireille Mathieu
33%
Qui a tué grand' maman ?Michel Polnareff
32%
Ma sœur (2007)Vitaa
32%
Mon truc en plumesZizi Jeanmaire
31%
Nous (2020)Julien Doré
30%
L'anamourSerge Gainsbourg
30%
Résidents de la RépubliqueAlain Bashung
28%
La parisienneMarie-Paule Belle
28%
Bye Bye (1997)Ménélik & Myas
26%
Parce que c'est toi (1999)Axelle Red
24%
Aragon et CastilleBoby Lapointe
23%
Chère amieMarc Lavoine
22%
La fièvre dans le sangAlain Chamfort
18%
Baila (1996)Alliage
18%
Rien que de l'eauVéronique Samson
18%
Je vous trouve un charme fouHoshi & Gaëtan Roussel
17%
Les vendanges de l'amourMarie Laforêt
17%
Prendre l'airShy'm
16%
L'un pour l'autreMaurane
13%
Emmanuelle (1980)François Valéry
11%
Mon cœurIzïa
11%
AficionadoBB Brunes
10%
Tu veux ou tu veux pasMarcel Zanini
10%
Qui c'est celui-là ?Pierre Vassiliu
10%
J'attendsBen Mazué & Pomme
9%
Tourner la page (2012)Zaho
8%
Il faut laisser le temps au tempsDidier Barbelivien & Félix Gray
7%
Qu'importeJuliette Armanet
7%
Laisse-toi aller bébéCollectif Métissé
6%
Sûr et certainTonton David
6%
Retiens les rêvesGrand Corps Malade
3%

Distribution des résultats

Percentile par nombre de réponses

% des personnes avec chaque résultat

Votre développement - résultats

Vous n’avez pas pris ce quiz